000 01435nam a2200361 c 4500
003 BLK
005 20250523114626.0
008 180408b bul|||||r ||||||| ||bul||
010 _aKNG00086696000
020 _a978-954-07-2589-5
_bиздат.: Унив. изд. Св. Климент Охридски
040 _aBLK
041 _aBUL
_cBUL
080 _aБългарски език
_b811.163.2
_x-3
_z811.163.2-3
100 1 _aБояджиев, Тодор Апостолов
_eпърви автор
_9364499
139 _aБояджиев, Тодор Апостолов
_bБ 73
245 1 0 _aБългарска лексикология
_cТодор Апостолов Бояджиев.
250 _a3. изд.
257 _aBGR
260 София
_bУнив. изд. Св. Климент Охридски
_c2007
300 _a360 с.
_c24 см
380 _a80
490 1 _aУниверситетска библиотека
_v454
500 _a1. изд. 1986 на изд. Наука и изкуство. - В кн. означено 2. изд.
650 4 _aБългарски език - лексикология
_9255874
653 _aбългарски език
653 _aлексикология
852 _aЦб 242035
856 4 _qpdf
_u
856 4 _qpdf
_u
942 _cKNG
_n0
_07
944 _aCR
_c28.11.2008
_lРадостина Карадакова
_k30534
944 _aED
_c11.06.2009
_lф /
_k
999 _c82175
_d82175